| 000 | 00408nam a2200145 a 4500 | ||
|---|---|---|---|
| 001 | 1199 | ||
| 003 | CDMR | ||
| 005 | 20130314164617.0 | ||
| 008 | 130130s1999||||||||||||||||||||||||||||d | ||
| 020 | _a846059176X | ||
| 040 |
_aCDMR _bcat _cCDMR |
||
| 245 | 0 | 0 |
_aEspecies de Espacios _b: extensiones y metáforas de la fotografía contemporánea en Perú |
| 260 |
_aMadrid _c1999 _bEmbajada de Perú |
||
| 942 |
_cMON _2udc |
||
| 999 |
_c1199 _d1199 |
||